Ингушетия. Природно-экономические районы. 1925 г. (Запись № 10569840)

Подробности
000 -МАРКЕР
контрольное поле 01140nem0a2200301 4500
001 - ИДЕНТИФИКАТОР ЗАПИСИ
контрольное поле RU\NLR\cart\8078
005 - ИДЕНТИФИКАТОР ВЕРСИИ
контрольное поле 20250614031131.0
035 ## - ДРУГИЕ СИСТЕМНЫЕ НОМЕРА
Идентификатор записи (NLR Aleph) 010295655
100 ## - ДАННЫЕ ОБЩЕЙ ОБРАБОТКИ
Данные общей обработки 20121226d1927 |||y0rusy50 ca
101 0# - ЯЗЫК РЕСУРСА
Язык текста, звукозаписи и т.д. русский
102 ## - СТРАНА ПУБЛИКАЦИИ ИЛИ ПРОИЗВОДСТВА
Страна публикации российская федерация
120 ## - ПОЛЕ КОДИРОВАННЫХ ДАННЫХ: КАРТОГРАФИЧЕСКИЕ МАТЕРИАЛЫ - ОБЩИЕ ХАРАКТЕРИСТИКИ
Кодированные данные о картографическом материале (общие) bya xx||
123 1# - ПОЛЕ КОДИРОВАННЫХ ДАННЫХ: КАРТОГРАФИЧЕСКИЕ МАТЕРИАЛЫ - МАСШТАБ И КООРДИНАТЫ
Тип масштаба a
Постоянное отношение линейного горизонтального масштаба 210 000
200 1# - ЗАГЛАВИЕ И СВЕДЕНИЯ ОБ ОТВЕТСТВЕННОСТИ
Основное заглавие Ингушетия. Природно-экономические районы. 1925 г.
Общее обозначение материала Карты
206 ## - ОБЛАСТЬ СПЕЦИФИЧЕСКИХ СВЕДЕНИЙ: КАРТОГРАФИЧЕСКИЕ МАТЕРИАЛЫ - МАТЕМАТИЧЕСКИЕ ДАННЫЕ
Сведения о математических данных [1:210 000, 2,1 км в 1 см]
210 ## - ПУБЛИКАЦИЯ, РАСПРОСТРАНЕНИЕ И ДР.
Место издания, распространения и т.д. Владикавказ
Имя издателя, распространителя и т. д. Гостипо-литогр. "Красный Октябрь"
Дата издания, распространения и т.д. [1927]
215 ## - ФИЗИЧЕСКАЯ ХАРАКТЕРИСТИКА
Специфическое обозначение материала и объем 1 л.
Другие сведения о физической характеристике цв., текст
Размеры 59х34 (72х39) см
509 01 - ЗАГОЛОВОК -СТРУКТУРИРОВАННОЕ ГЕОГРАФИЧЕСКОЕ ИЛИ ТЕМАТИЧЕСКОЕ НАИМЕНОВАНИЕ
Географическое / тематическое наименование – начальный элемент ввода Ингушетия
606 0# - НАИМЕНОВАНИЕ ТЕМЫ КАК ПРЕДМЕТ
Наименование темы Экономическое районирование
Системный номер авторитетной/нормативной записи 2177955
Идентификатор авторитетной/нормативной записи RU\NLR\auth_crt\66111
606 0# - НАИМЕНОВАНИЕ ТЕМЫ КАК ПРЕДМЕТ
Наименование темы Промышленность
Формальный подзаголовок карты
Тематический подзаголовок Комплексные
Системный номер авторитетной/нормативной записи 2178479
Идентификатор авторитетной/нормативной записи RU\NLR\auth_crt\66337
606 0# - НАИМЕНОВАНИЕ ТЕМЫ КАК ПРЕДМЕТ
Наименование темы Климатические
Системный номер авторитетной/нормативной записи 2177883
Идентификатор авторитетной/нормативной записи RU\NLR\auth_crt\6676
620 ## - МЕСТО И ДАТА ПУБЛИКАЦИИ, ИСПОЛНЕНИЯ И Т. Д.
Страна Россия
801 #0 - ИСТОЧНИК ЗАПИСИ
Страна российская федерация
Организация NLR
Дата составления 20121226
Правила каталогизации PSBO
852 ## - МЕСТОНАХОЖДЕНИЕ И ШИФР ХРАНЕНИЯ
Идентификатор организации NLR
Наименование фонда или коллекции (Sub-Location Identifier) К
Шифр хранения (Call Number) 4-Кав 2/59
Идентификатор единицы 1389
942 ## - ДОПОЛНИТЕЛЬНЫЕ ЭЛЕМЕНТЫ ЗАПИСИ (АБИС)
Тип экземпляра АБИС Карта
980 ## - КОЛЛЕКЦИЯ
Название коллекции Национальная библиография

Нет доступных экземпляров.